| 000 | 00850nam a22002657a 4500 | ||
|---|---|---|---|
| 003 | UPN | ||
| 005 | 20250809063837.0 | ||
| 008 | 230315s2022 sp|||||gr|||| 00| 0aspa d | ||
| 020 | _a9788418501609 | ||
| 040 |
_aMX-MxUPN _bspa |
||
| 050 | 4 |
_aHQ75.8 V35 _bA3 2022 |
|
| 100 | 1 |
_948331 _aValero, Daniel, _d1994- |
|
| 245 | 1 | 3 |
_aEl niño que no fui : _binfancia, adolescencia y adultez LGTB |
| 250 | _aCuarta edición | ||
| 260 |
_aBarcelona : _aMadrid : _bEgales, _c2022 |
||
| 300 | _a248 páginas | ||
| 490 | 0 | _aColección G | |
| 600 | 1 | 4 |
_948331 _aValero, Daniel, _d1994- |
| 650 | 7 |
_aHombres homosexuales _zEspaña _vBiografía _2 _948332 |
|
| 650 | 0 |
_97830 _aHomosexuales _xRelaciones familiares |
|
| 650 | 4 |
_aPersonas homosexuales _xCondiciones sociales _9189 |
|
| 902 | _aVíctorGodínez/150323 | ||
| 942 |
_2lcc _cLIBRO |
||
| 999 |
_c209345 _d209345 |
||